| 000 | 00618nam a22002297a 4500 | ||
|---|---|---|---|
| 001 | 7988 | ||
| 003 | FISKH | ||
| 005 | 20250818094301.0 | ||
| 008 | 250818b cb ||||| |||| 00| 0 eng d | ||
| 020 | _a9781617418921 | ||
| 040 |
_aFISKH _beng _cFISKH _dFISKH |
||
| 050 | _aRA780.R47 B38 | ||
| 082 | _a 813 | ||
| 100 | _aReasoner, Charles | ||
| 245 |
_aBath time / _cby Charles Reasoner |
||
| 260 |
_aNodica : _bRourke, _c2011. |
||
| 300 |
_a10 unnumbered pages : _bcolor illustrations ; _c14 cm |
||
| 505 | _aNP | ||
| 520 | _aFollow Baby Bear to learn about Bath Time. | ||
| 942 |
_2ddc _cBK _n0 |
||
| 999 |
_c7988 _d7988 |
||